| 000 | 00841nam a22002417a 4500 | ||
|---|---|---|---|
| 003 | MX-MxUPN | ||
| 005 | 20250905063955.0 | ||
| 008 | 250904s2002 xxu||||fr|||| 000 0 eng d | ||
| 020 | _a0195152565 | ||
| 040 |
_aMX-MxUPN _bspa _cMX-MxUPN |
||
| 041 | 0 | _aeng | |
| 050 | 1 | 4 |
_aHF1414 _bL3 2002 |
| 245 | 1 | 4 | _aThe Latin American competitiveness report, 2001-2002 |
| 260 |
_aNew York : _b World Economic Forum : _b Oxford University Press, _c 2002 |
||
| 300 | _a213 páginas | ||
| 500 | _aEn portada: "World Economic Forum, Geneva, Switzerland, 2001" | ||
| 650 | 4 |
_aCompetencia económica _zAmérica Latina _910730 |
|
| 651 | 4 |
_aAmérica Latina _xCondiciones económicas _92747 |
|
| 700 | 1 |
_aVial, Joaquín _eedición _957614 |
|
| 700 |
_aCornelius, Peter k. _eedición _957615 |
||
| 902 | _aBerenice Martínez/040925 | ||
| 942 |
_2lcc _cLIBRO |
||
| 999 |
_c213980 _d213980 |
||